书目信息 |
| 题名: |
中国山水画技法
|
|
| 作者: | 段七丁 编著 | |
| 分册: | ||
| 出版信息: | 重庆 西南师范大学出版社 1996 |
|
| 页数: | 50页 | |
| 开本: | 26cm | |
| 丛书名: | 21世纪美术教育丛书 | |
| 单 册: | ||
| 中图分类: | J212.1 | |
| 科图分类: | ||
| 主题词: | 风景画--技法(美术) | |
| 电子资源: | ||
| ISBN: | 7-5621-0377-1 | |
| 000 | 00670nam0 2200229 45 | |
| 001 | 0193015109 | |
| 005 | 20050919164517.70 | |
| 010 | @a7-5621-0377-1@dCNY21.00 | |
| 100 | @a19800101d1996 em y0chiy0121 ea | |
| 101 | 0 | @achi |
| 102 | @aCN@b510000 | |
| 105 | @af z 000yy | |
| 200 | 10 | @a中国山水画技法@AZHONG GUO SHAN SHUI HUA JI FA@f段七丁编著@Fduan qi ding bian zhu |
| 210 | @a重庆@c西南师范大学出版社@d1996 | |
| 215 | @a50页@c图@d26cm | |
| 225 | 2 | @a21世纪美术教育丛书 |
| 410 | 0 | @12001 @a21世纪美术教育丛书 |
| 606 | @a风景画@x技法(美术) | |
| 690 | @aJ212.1@v三版 | |
| 701 | 0 | @a段七丁@Aduan qi ding@4编著 |
| 801 | 0 | @aCN@bNLC@c20050919 |
| 905 | @dJ212.1@e274 | |
| 中国山水画技法/段七丁编著.-重庆:西南师范大学出版社,1996 |
| 50页:图;26cm.-(21世纪美术教育丛书) |
| ISBN 7-5621-0377-1:CNY21.00 |
| ● |
| 相关链接 |
|
|
|
|
正题名:中国山水画技法
索取号:J212.1/274
 
预约/预借
| 序号 | 登录号 | 条形码 | 馆藏地/架位号 | 状态 | 备注 |
| 1 | 0362014 | 203620144 | 第一样本阅览室/ [索取号:J212.1/274] | 在馆 | |
| 2 | 0362015 | 203620153 | 第一借阅区/ [索取号:J212.1/274] | 在馆 | |
| 3 | 0362016 | 203620162 | 第一借阅区/ [索取号:J212.1/274] | 在馆 |